[Event "Skanderborg"]
[Site "?"]
[Date "2003.??.??"]
[Round "?"]
[White "Short, N."]
[Black "Ivanchuk, V."]
[Result "1/2-1/2"]
[WhiteElo "2701"]
[BlackElo "2710"]
[PlyCount "33"]
[EventDate "2003.??.??"]
[Source "Chess Informant"]
[SourceDate "2003.10.01"]

1. e4 c5 2. Nf3 d6 3. d4 cxd4 4. Nxd4 Nf6 5. f3 e5 6. Nb3 a5 7. Bb5+ Nc6 8. Nc3 Be7 9. Be3 O-O 10. O-O Be6 11. Qe2 Na7 12. Bc4 Qc7 13. Bxe6 fxe6 14. Rf2 b6 15. Rd1 Qc6 16. a4 d5 17. exd5 1/2-1/2

[Event "Corr"]
[Site "?"]
[Date "1996.??.??"]
[Round "7"]
[White "Adams Michael"]
[Black "Almasi Zoltan"]
[Result "1/2-1/2"]
[WhiteElo "2660"]
[BlackElo "2650"]
[PlyCount "80"]
[EventDate "1996.??.??"]
[Source "www.chesslib.no"]
[SourceDate "2004.05.04"]

1. e4 c5 2. Nf3 d6 3. d4 cxd4 4. Nxd4 Nf6 5. f3 a6 6. c4 e6 7. Nc3 Be7 8. Be3 O-O 9. Be2 Qc7 10. Rc1 b6 11. O-O Bb7 12. Qd2 Nbd7 13. Rfd1 Rac8 14. Bf1 Qb8 15. Qf2 Bd8 16. Kh1 Bc7 17. Nde2 Kh8 18. Bd4 Bc6 19. Be3 Ne5 20. b3 h6 21. Nd4 Bb7 22. Be2 Ng6 23. Qg1 Rfe8 24. Nc2 d5 25. exd5 exd5 26. Bxb6 Bf4 27. Rb1 Nh5 28. Bf1 Re5 29. Ne2 Rxe2 30. Bxe2 Qe5 31. Bd3 Nh4 32. Bd4 Qg5 33. c5 Ng3+ 34. hxg3 Bxg3 35. Qe3 Qh5 36. Kg1 Nxg2 37. Kxg2 Qh2+ 38. Kf1 Qh3+ 39. Kg1 Qh2+ 40. Kf1 Qh3+ 1/2-1/2

[Event "Samara 74/37"]
[Site "?"]
[Date "1998.??.??"]
[Round "?"]
[White "Zvjaginsev, Vadim"]
[Black "Fedorov, Alexei"]
[Result "1-0"]
[WhiteElo "2650"]
[BlackElo "2600"]
[PlyCount "77"]
[EventDate "1998.??.??"]
[Source "ChessBase"]
[SourceDate "1998.10.01"]

1. e4 c5 2. Nf3 d6 3. d4 cxd4 4. Nxd4 Nf6 5. f3 e6 6. c4 Be7 7. Nc3 O-O 8. Be2 b6 9. O-O Bb7 10. Be3 Nbd7 11. Qd2 a6 12. a4 Qc7 13. Rfc1 Rfe8 14. a5 bxa5 15. Nb3 Rac8 16. Nxa5 Ba8 17. Nb3 Qb8 18. Nd4 Bb7 19. Bf2 Bd8 20. b4 Ne5 21. Na4 Bc7 22. b5 Nfd7 23. bxa6 Bxa6 24. Rcb1 Qa8 25. Nc3 Nc5 26. Ndb5 Bb8 27. Nxd6 Red8 28. Ncb5 Rc6 29. Bxc5 Rxc5 30. Qe3 Nd7 31. f4 e5 32. Qa3 Rc6 33. fxe5 Nxe5 34. c5 Nd7 35. Bc4 Nxc5 36. Nxf7 Rf8 37. Rf1 Bxh2+ 38. Kxh2 Qb8+ 39. Nfd6+ 1-0

[Event "Saint Petersburg RUS"]
[Site "?"]
[Date "2006.06.04"]
[Round "2"]
[White "Popov Valerij"]
[Black "Alekseev Evgeny"]
[Result "1/2-1/2"]
[WhiteElo "2587"]
[BlackElo "2640"]
[PlyCount "39"]
[EventDate "2006.??.??"]
[Source "www.chesslib.no"]
[SourceDate "2004.05.04"]

1. e4 c5 2. Nf3 d6 3. d4 cxd4 4. Nxd4 Nf6 5. f3 Nc6 6. c4 Qb6 7. Nc2 e6 8. Nc3 Be7 9. Bd3 Ne5 10. Ne3 Qd4 11. Be2 Qxd1+ 12. Nexd1 O-O 13. b3 b6 14. Ba3 Bb7 15. Ne3 Nfd7 16. Rd1 Nc5 17. O-O Rfd8 18. g3 g5 19. h3 Ng6 20. b4 1/2-1/2

[Event "Leon 83/23"]
[Site "?"]
[Date "2001.??.??"]
[Round "?"]
[White "Short, N."]
[Black "Cvitan, O."]
[Result "1-0"]
[WhiteElo "2675"]
[BlackElo "2550"]
[PlyCount "81"]
[EventDate "2001.??.??"]
[Source "Chess Informant"]
[SourceDate "2001.10.01"]

1. e4 c5 2. Nf3 d6 3. d4 cxd4 4. Nxd4 Nf6 5. f3 e6 6. c4 Be7 7. Nc3 O-O 8. Be2 b6 9. O-O Bb7 10. Be3 a6 11. a4 Nbd7 12. a5 bxa5 13. Nb3 Rb8 14. Nxa5 Ba8 15. Qd2 Re8 16. Ba7 Rc8 17. Bf2 Rb8 18. Kh1 Nc5 19. Rfb1 Rb4 20. Nd1 Qb8 21. Be1 Ra4 22. Rxa4 Nxa4 23. b4 Nb6 24. Nc3 Nbd7 25. Qa2 Qc7 26. Na4 Rb8 27. Bd2 h6 28. Rc1 Nb6 29. Nb2 Nbd7 30. Nd3 Qb6 31. c5 dxc5 32. Be3 Qd8 33. bxc5 Rb5 34. Nb3 Qb8 35. Nd4 Bxc5 36. Bf4 Bxd4 37. Bxb8 Rxb8 38. Qxa6 Bb7 39. Qd6 e5 40. h4 Ra8 41. Nb4 1-0

[Event "JUG-chT"]
[Site "Budva"]
[Date "1996.??.??"]
[Round "5"]
[White "Rublevsky, Sergei"]
[Black "Georgiev, Kiril"]
[Result "1/2-1/2"]
[WhiteElo "2610"]
[BlackElo "2615"]
[PlyCount "70"]
[EventDate "1996.??.??"]
[Source "ChessBase"]

1. e4 c5 2. Nf3 d6 3. d4 cxd4 4. Nxd4 Nf6 5. f3 e5 6. Nb3 Be6 7. c4 a5 8. Be3 a4 9. N3d2 Qa5 10. Be2 Be7 11. O-O Nc6 12. Na3 O-O 13. Ndb1 Qb4 14. Nc3 Nd4 15. Bxd4 exd4 16. Ncb5 d3 17. Qxd3 Qxb2 18. Kh1 Nd7 19. Qd4 Qb4 20. Rab1 Qc5 21. Rfd1 Rfd8 22. f4 Qxd4 23. Rxd4 Nc5 24. Bf3 Bd7 25. Nc7 Rab8 26. Nd5 Bf8 27. g3 Bc6 28. Kg2 g6 29. Nb5 Bg7 30. Rd2 Kf8 31. Rbd1 Ra8 32. Ndc3 Ke7 33. Nd5+ Kf8 34. Ndc3 Ke7 35. Nd5+ Kf8 1/2-1/2

[Event "WchT 4th"]
[Site "Luzern"]
[Date "1997.??.??"]
[Round "6"]
[White "Zvjaginsev, Vadim"]
[Black "Novikov, Igor A"]
[Result "1-0"]
[WhiteElo "2635"]
[BlackElo "2590"]
[PlyCount "109"]
[EventDate "1997.10.??"]
[Source "ChessBase"]
[SourceDate "1998.01.31"]

1. e4 c5 2. Nf3 d6 3. d4 cxd4 4. Nxd4 Nf6 5. f3 e5 6. Nb3 Be7 7. c4 a5 8. Be3 a4 9. N3d2 Qa5 10. Be2 Bd8 11. Nc3 a3 12. b4 Qxb4 13. Nb5 O-O 14. Rb1 Qa5 15. Nxd6 Qc7 16. Nb5 Qc6 17. Nc3 Nh5 18. g3 Qg6 19. Nd5 Nc6 20. f4 Nxf4 21. gxf4 exf4 22. Bf2 Re8 23. Nxf4 Qd6 24. Bg3 Qd4 25. Nf3 Ba5+ 26. Kf1 Qxe4 27. Bd3 Qe7 28. Kg2 Bg4 29. Nd5 Qe6 30. h3 Bxf3+ 31. Qxf3 Ne5 32. Bxe5 Qxe5 33. Rhf1 f6 34. Qf5 Qxf5 35. Rxf5 Ra7 36. Kf3 Bd8 37. Rf4 Rf8 38. Re4 Kf7 39. Re3 g6 40. Bf1 Kg7 41. Rbb3 f5 42. Nf4 Kf6 43. Ne6 Re8 44. Nxd8 Rxd8 45. Rxa3 Rda8 46. Rxa7 Rxa7 47. a3 Kg5 48. Rb3 b6 49. Kf2 Kh4 50. Rxb6 Rxa3 51. c5 Ra2+ 52. Be2 Kxh3 53. c6 Rc2 54. Rb4 Rxc6 55. Bf1+ 1-0

[Event "RUS-ch51"]
[Site "St Petersburg"]
[Date "1998.08.07"]
[Round "11"]
[White "Zvjaginsev, Vadim"]
[Black "Shchekachev, Andrei"]
[Result "1/2-1/2"]
[WhiteElo "2650"]
[BlackElo "2560"]
[PlyCount "30"]
[EventDate "1998.07.28"]
[Source "ChessBase"]
[SourceDate "1998.11.30"]

1. e4 c5 2. Nf3 d6 3. d4 cxd4 4. Nxd4 Nf6 5. f3 Nc6 6. c4 Qb6 7. Nc2 g6 8. Nc3 Bg7 9. Rb1 Nb4 10. Nxb4 Qxb4 11. Be3 O-O 12. Qd2 Be6 13. Be2 Rfc8 14. b3 Qa5 15. Rc1 Nd7 1/2-1/2

[Event "6. EICC"]
[Site "?"]
[Date "2005.06.29"]
[Round "11"]
[White "Mastrovasilis Dimitrios"]
[Black "Kempinski Robert"]
[Result "0-1"]
[WhiteElo "2562"]
[BlackElo "2627"]
[PlyCount "76"]
[EventDate "2005.??.??"]
[Source "www.chesslib.no"]
[SourceDate "2004.05.04"]

1. e4 c5 2. Nf3 d6 3. d4 cxd4 4. Nxd4 Nf6 5. f3 a6 6. c4 e6 7. Nc3 Be7 8. Be2 O-O 9. Be3 Nbd7 10. g4 d5 11. cxd5 exd5 12. g5 Ne8 13. f4 dxe4 14. Qc2 Nc5 15. O-O-O Nd6 16. Rhg1 Qa5 17. Kb1 Nd3 18. Rxd3 exd3 19. Bxd3 g6 20. h4 Rd8 21. h5 Bf5 22. hxg6 hxg6 23. Nxf5 Nxf5 24. Rh1 Kg7 25. Bd2 Rac8 26. Ne4 Bb4 27. Bc3+ Bxc3 28. Nxc3 Rh8 29. Rc1 Rh4 30. Qb3 Rc7 31. Rf1 Nd4 32. Qd5 Qxd5 33. Nxd5 Rc5 34. Be4 Ne6 35. Bg2 b5 36. a3 Rc4 37. f5 Nxg5 38. fxg6 fxg6 0-1

[Event "HUN-GER Match"]
[Site "Budapest"]
[Date "2004.09.20"]
[Round "5"]
[White "Varga, Zoltan"]
[Black "Lutz, Christopher"]
[Result "0-1"]
[WhiteElo "2592"]
[BlackElo "2596"]
[PlyCount "88"]
[EventDate "2004.09.16"]
[Source "Roberto Alvarez"]
[SourceDate "2004.10.05"]

1. e4 c5 2. Nf3 d6 3. d4 cxd4 4. Nxd4 Nf6 5. f3 Nc6 6. c4 Qb6 7. Nc2 g6 8. Nc3 Bg7 9. Rb1 Nb4 10. Nxb4 Qxb4 11. Qa4+ Qxa4 12. Nxa4 O-O 13. Be3 Bd7 14. Nc3 Rfc8 15. Kd2 Be6 16. b3 a6 17. Rc1 Bd7 18. Bd3 b5 19. Ne2 Rcb8 20. c5 dxc5 21. Bxc5 Re8 22. Rhd1 Rac8 23. Be3 Bc6 24. Nd4 Ba8 25. b4 Nd7 26. Nb3 Bb2 27. Rxc8 Rxc8 28. Bd4 Bxd4 29. Nxd4 Kf8 30. a4 e5 31. Ne2 bxa4 32. Bxa6 Rb8 33. Kc3 Ke7 34. Nc1 f5 35. exf5 gxf5 36. Nd3 Nb6 37. Bc4 Bd5 38. Bb5 Bb3 39. Re1 Nd5+ 40. Kb2 Rxb5 41. Rxe5+ Kf6 42. f4 Bc4 43. Nc5 Rxb4+ 44. Ka3 Rb1 0-1

[Event "Zalaegerszeg"]
[Site "Zalaegerszeg"]
[Date "2004.04.26"]
[Round "3"]
[White "Varga, Zoltan"]
[Black "Berkes, Ferenc"]
[Result "1-0"]
[WhiteElo "2564"]
[BlackElo "2613"]
[PlyCount "43"]
[EventDate "2004.04.24"]
[Source "ChessBase"]
[SourceDate "2004.07.27"]

1. e4 c5 2. Nf3 d6 3. d4 cxd4 4. Nxd4 Nf6 5. f3 Nc6 6. c4 g6 7. Be3 Bg7 8. Qd2 O-O 9. Nc3 Nd7 10. O-O-O Nde5 11. Be2 Nxd4 12. Bxd4 Be6 13. f4 Bh6 14. b3 Qa5 15. Be3 Ng4 16. Bxg4 Bxg4 17. Rdf1 Be6 18. f5 Bxe3 19. Qxe3 Bd7 20. Nd5 Kg7 21. f6+ exf6 22. Qd4 1-0

[Event "Masters"]
[Site "Singapore SIN"]
[Date "2006.12.29"]
[Round "8"]
[White "Zhang Pengxiang"]
[Black "Zhao Jun"]
[Result "1-0"]
[WhiteElo "2636"]
[BlackElo "2539"]
[PlyCount "127"]
[EventDate "2006.12.26"]
[Source "www.chesslib.no"]
[SourceDate "2004.05.04"]

1. e4 c5 2. Nf3 d6 3. d4 cxd4 4. Nxd4 Nf6 5. f3 e5 6. Nb3 Be7 7. c4 O-O 8. Nc3 a5 9. Be3 a4 10. Nd2 Qa5 11. c5 Be6 12. cxd6 Bxd6 13. Nc4 Bxc4 14. Qxd6 Bxf1 15. Rxf1 Nc6 16. a3 Qa6 17. Qc5 Na5 18. Rd1 Nc4 19. Bc1 Rfc8 20. Qb4 h6 21. Rf2 b6 22. Re2 Kh7 23. Be3 Qa5 24. Qxa5 Rxa5 25. Rd3 b5 26. Rc2 Nxe3 27. Rxe3 Rc4 28. Kd2 b4 29. Ne2 Rxc2+ 30. Kxc2 Rc5+ 31. Kd2 Rb5 32. Kc2 Nd7 33. axb4 Rxb4 34. Nc3 Nb6 35. Nd5 Nc4 36. Kc3 Nxe3 37. Kxb4 Nxg2 38. Kxa4 Ne1 39. b4 Nxf3 40. b5 Nd2 41. Nc3 Nc4 42. Kb4 Nd6 43. b6 Kg6 44. Kc5 Nb7+ 45. Kc6 Na5+ 46. Kb5 Nb7 47. Nd5 f5 48. Ne7+ Kg5 49. Nxf5 Kf4 50. Kc6 Na5+ 51. Kd5 h5 52. Nxg7 h4 53. Nf5 Kg4 54. Ne3+ Kh3 55. Nc4 Nb7 56. Nxe5 Kxh2 57. Ng6 Kg3 58. Nxh4 Kxh4 59. e5 Kg5 60. Kc6 Na5+ 61. Kd7 Nb7 62. e6 Kf6 63. e7 Nc5+ 64. Kd6 1-0

[Event "JUG-chT"]
[Site "Herceg Novi"]
[Date "2001.05.??"]
[Round "7"]
[White "Zvjaginsev, Vadim"]
[Black "Ilincic, Zlatko"]
[Result "1/2-1/2"]
[WhiteElo "2631"]
[BlackElo "2542"]
[PlyCount "98"]
[EventDate "2001.05.??"]
[Source "ChessBase"]
[SourceDate "2001.07.03"]

1. e4 c5 2. Nf3 d6 3. d4 cxd4 4. Nxd4 Nf6 5. f3 Nc6 6. Nc3 Bd7 7. Be3 h6 8. Qd2 Nxd4 9. Bxd4 e5 10. Be3 Bc6 11. Bc4 Qd7 12. a4 Be7 13. O-O O-O 14. Rfd1 a6 15. a5 Rad8 16. Bb6 Rc8 17. Bb3 Qe8 18. Be3 Kh7 19. Qf2 Rd8 20. Rd2 Rc8 21. Rad1 g6 22. Rd3 Kg7 23. Qd2 Rh8 24. Nd5 Nxd5 25. Bxd5 Bxd5 26. Rxd5 Qa4 27. b3 Qa2 28. Rc1 Qb2 29. Qd1 Rc6 30. c4 Bg5 31. Bxg5 hxg5 32. Qc2 Qxc2 33. Rxc2 Kf6 34. c5 Rhc8 35. b4 dxc5 36. bxc5 Ke6 37. h3 f5 38. Kf1 R8c7 39. Ke2 b6 40. axb6 Rxb6 41. Kd3 Rb4 42. Rd6+ Kf7 43. Rxa6 fxe4+ 44. fxe4 Rd7+ 45. Ke3 Rdd4 46. c6 Rxe4+ 47. Kf2 Rec4 48. Raa2 Ra4 49. Rab2 Rab4 1/2-1/2

[Event "Jugoslavija 81/172"]
[Site "?"]
[Date "2001.??.??"]
[Round "?"]
[White "Zvjaginsev, V."]
[Black "Ilincic, Z."]
[Result "1/2-1/2"]
[WhiteElo "2631"]
[BlackElo "2542"]
[PlyCount "45"]
[EventDate "2001.??.??"]
[Source "Chess Informant"]
[SourceDate "2001.02.01"]

1. e4 c5 2. Nf3 d6 3. d4 cxd4 4. Nxd4 Nf6 5. f3 Nc6 6. Nc3 Nxd4 7. Qxd4 g6 8. Bb5+ Bd7 9. Bxd7+ Qxd7 10. Be3 Bg7 11. O-O-O O-O 12. Qd3 Rfc8 13. Bd4 Rc6 14. Kb1 Rac8 15. Rhe1 Rc4 16. e5 dxe5 17. Bxe5 Qc6 18. Re2 e6 19. Ne4 Nxe4 20. Bxg7 Nf2 21. Rxf2 Kxg7 22. Rfd2 Qc5 23. c3 1/2-1/2

[Event "Karadjordje Serbia"]
[Site "Topola"]
[Date "2004.05.10"]
[Round "7"]
[White "Mastrovasilis, Dimitrios"]
[Black "Georgiev, Kiril"]
[Result "1/2-1/2"]
[WhiteElo "2533"]
[BlackElo "2637"]
[PlyCount "57"]
[EventDate "2004.05.04"]
[Source "ChessBase"]
[SourceDate "2004.07.27"]

1. e4 c5 2. Nf3 d6 3. d4 cxd4 4. Nxd4 Nf6 5. f3 Nc6 6. c4 Qb6 7. Nc2 e6 8. Nc3 Be7 9. Rb1 Nb4 10. Nxb4 Qxb4 11. Be3 O-O 12. Be2 Bd7 13. O-O Bc6 14. a3 Qa5 15. b4 Qc7 16. Rc1 Qb8 17. Qb3 b6 18. Rfd1 Rd8 19. Rd2 a6 20. Na4 Bxa4 21. Qxa4 Qc7 22. Rcd1 h6 23. Bf1 Kh8 24. Bf2 Kg8 25. h3 Qb7 26. Bg3 Qc7 27. Bf2 Qb7 28. Bg3 Qc7 29. Bf2 1/2-1/2

[Event "FRA-chT9697 groupe B"]
[Site "France"]
[Date "1997.??.??"]
[Round "3"]
[White "Magem Badals, Jordi"]
[Black "Palac, Mladen"]
[Result "1/2-1/2"]
[WhiteElo "2570"]
[BlackElo "2595"]
[PlyCount "41"]
[EventDate "1997.??.??"]
[Source "www.chesslib.no"]
[SourceDate "2004.05.04"]

1. e4 c5 2. Nf3 d6 3. d4 cxd4 4. Nxd4 Nf6 5. f3 e6 6. c4 Be7 7. Nc3 O-O 8. Nc2 a6 9. Be2 Qc7 10. O-O b6 11. Be3 Bb7 12. Bf2 Nbd7 13. Qd2 Rac8 14. Rac1 Qb8 15. Rfd1 Rfd8 16. a3 h6 17. b4 Ba8 18. Nd4 Ne5 19. Na4 Rd7 20. Nb3 Bd8 21. Qe3 1/2-1/2

[Event "02sen.Kurpfalz op"]
[Site "?"]
[Date "1996.??.??"]
[Round "?"]
[White "Heizmann Willi"]
[Black "Kuhn Arno[29Ludwigsh"]
[Result "0-1"]
[WhiteElo "2440"]
[BlackElo "2725"]
[PlyCount "65"]
[EventDate "1996.??.??"]
[Source "www.chesslib.no"]
[SourceDate "2004.05.04"]

1. e4 c5 2. Nf3 d6 3. d4 cxd4 4. Nxd4 Nf6 5. f3 g6 6. Be2 Bg7 7. c3 Nc6 8. Bb5 Bd7 9. Na3 a6 10. Be2 b5 11. Nac2 Qc7 12. O-O O-O 13. Be3 d5 14. Bf2 dxe4 15. Bg3 Qc8 16. fxe4 Nxe4 17. Qd3 Nxg3 18. Qxg3 e5 19. Nxc6 Bxc6 20. Bf3 e4 21. Bg4 Qb7 22. Ne3 Rad8 23. Rad1 Qb6 24. Be2 Bh6 25. a3 Bxe3+ 26. Kh1 Bh6 27. Qh4 Rxd1 28. Rxd1 Bg7 29. Rd6 Qb7 30. Rd8 e3 31. Bf3 Bxf3 32. gxf3 Qxf3+ 33. Kg1 0-1

[Event "Vidmar mem 13th"]
[Site "Portoroz"]
[Date "1999.06.23"]
[Round "10"]
[White "Zvjaginsev, Vadim"]
[Black "Aronian, Levon"]
[Result "1/2-1/2"]
[WhiteElo "2658"]
[BlackElo "2502"]
[PlyCount "65"]
[EventDate "1999.06.??"]
[Source "ChessBase"]
[SourceDate "1999.10.01"]

1. e4 c5 2. Nf3 d6 3. d4 cxd4 4. Nxd4 Nf6 5. f3 Nc6 6. c4 e6 7. Nc3 Be7 8. Nc2 O-O 9. Be2 a6 10. O-O b6 11. Be3 Ne5 12. Qd4 Ned7 13. Qd2 Bb7 14. Nd4 Qc7 15. Rfc1 Rfe8 16. a4 Rab8 17. b4 Ba8 18. Nb3 Bf8 19. a5 bxa5 20. b5 axb5 21. Nxb5 Qd8 22. Qxa5 Qe7 23. Qb4 Ne5 24. Ra7 Rb7 25. Rca1 Nc6 26. Rxb7 Qxb7 27. Qd2 d5 28. exd5 exd5 29. c5 Qe7 30. Bf4 Qxe2 31. Qxe2 Rxe2 32. Rxa8 Re8 33. Rxe8 1/2-1/2

[Event "EuTCh"]
[Site "Plovdiv"]
[Date "2003.10.17"]
[Round "6"]
[White "Bauer, Christian"]
[Black "Ruck, Robert"]
[Result "1/2-1/2"]
[WhiteElo "2602"]
[BlackElo "2551"]
[PlyCount "55"]
[EventDate "2003.10.10"]
[Source "Roberto Alvarez"]
[SourceDate "2003.10.20"]

1. e4 c5 2. Nf3 d6 3. d4 cxd4 4. Nxd4 Nf6 5. f3 a6 6. c4 e6 7. Nc3 Be7 8. Be2 O-O 9. Be3 b6 10. O-O Bb7 11. Qd2 Nbd7 12. Rfd1 Qc7 13. Rac1 Rac8 14. Bf1 Qb8 15. Kh1 Rfe8 16. Bg1 h6 17. a3 Bd8 18. b4 Bc7 19. Qb2 Qa8 20. Rc2 Ne5 21. Na4 Ned7 22. Rcd2 Qb8 23. Nb3 Bc6 24. Nc3 Bb7 25. Na4 Bc6 26. Nc3 Bb7 27. Na4 Bc6 28. Nc3 1/2-1/2

[Event "Petrov mem"]
[Site "St Petersburg"]
[Date "1996.??.??"]
[Round "3"]
[White "Rublevsky, Sergei"]
[Black "Aseev, Konstantin N"]
[Result "1-0"]
[WhiteElo "2610"]
[BlackElo "2530"]
[PlyCount "76"]
[EventDate "1996.02.??"]
[Source "ChessBase"]

1. e4 c5 2. Nf3 d6 3. d4 cxd4 4. Nxd4 Nf6 5. f3 Nc6 6. c4 e6 7. Nc3 Be7 8. Nc2 O-O 9. Ne3 Qb6 10. Bd3 Rd8 11. O-O Ne5 12. Kh1 Nxd3 13. Qxd3 a6 14. b3 Rb8 15. Bb2 Qa5 16. a4 Qc7 17. f4 b6 18. Rf3 Bb7 19. Raf1 b5 20. Rg3 bxc4 21. bxc4 Kh8 22. Qc2 Bf8 23. Rh3 h6 24. Ba1 Kg8 25. Rg3 Nh5 26. Rg4 Rbc8 27. Ne2 Qc6 28. Rh4 Qxe4 29. Qxe4 Bxe4 30. Rxh5 Bd3 31. Re1 d5 32. Nc1 Bg6 33. Rh4 Bb4 34. Rf1 Bd2 35. f5 exf5 36. Nxd5 Rxd5 37. cxd5 Bxc1 38. d6 Be3 1-0

[Event "Najdorf"]
[Site "Buenos Aires"]
[Date "1997.??.??"]
[Round "2"]
[White "Spangenberg, Hugo"]
[Black "Ricardi, Pablo"]
[Result "1-0"]
[WhiteElo "2550"]
[BlackElo "2575"]
[PlyCount "67"]
[EventDate "1997.05.19"]
[Source "ChessBase"]
[SourceDate "1997.10.13"]

1. e4 c5 2. Nf3 d6 3. d4 cxd4 4. Nxd4 Nf6 5. f3 g6 6. c4 Bg7 7. Be3 O-O 8. Nc3 Nc6 9. Qd2 e6 10. O-O-O d5 11. exd5 exd5 12. c5 Re8 13. Bb5 Bd7 14. Bxc6 bxc6 15. Bf4 Bf8 16. Nb3 Nh5 17. Bg5 Qb8 18. g4 Ng7 19. Kb1 Ne6 20. Be3 Bg7 21. h4 a5 22. Na4 Qb5 23. Nb6 a4 24. Nd4 Nxd4 25. Bxd4 Re2 26. Qc3 Bxd4 27. Rxd4 Rb8 28. Rb4 Qa5 29. a3 Be6 30. h5 Rf8 31. Qf6 h6 32. hxg6 Qxc5 33. g7 Re8 34. Qxh6 1-0

[Event "Pula 71/204"]
[Site "?"]
[Date "1997.??.??"]
[Round "?"]
[White "Magem Badals, Jorge"]
[Black "Atalik, Suat"]
[Result "0-1"]
[WhiteElo "2570"]
[BlackElo "2555"]
[PlyCount "64"]
[EventDate "1997.??.??"]
[Source "ChessBase"]
[SourceDate "1997.10.01"]

1. e4 c5 2. Nf3 d6 3. d4 cxd4 4. Nxd4 Nf6 5. f3 Nc6 6. c4 Qb6 7. Nb5 a6 8. N5c3 e6 9. Be2 Be7 10. Na4 Qa7 11. Nbc3 O-O 12. Bf4 Nh5 13. Bxd6 b5 14. Bxe7 Qxe7 15. cxb5 axb5 16. Nb6 Rd8 17. Qc1 Rb8 18. Nxc8 Qh4+ 19. Kf1 b4 20. Nb5 Rbxc8 21. Qe1 Qg5 22. g3 Ne5 23. f4 Nxf4 24. gxf4 Qxf4+ 25. Qf2 Qxe4 26. Rg1 Rc2 27. Re1 Nd3 28. Rd1 g6 29. Rg2 Nxf2 30. Rxd8+ Kg7 31. Nd4 Rc1+ 32. Kxf2 Qh4+ 0-1

[Event "FRA-chT 9900"]
[Site "France"]
[Date "2000.05.01"]
[Round "11.1"]
[White "Magem Badals, Jordi"]
[Black "Dorfman, Josif D"]
[Result "1/2-1/2"]
[WhiteElo "2529"]
[BlackElo "2593"]
[PlyCount "21"]
[EventDate "2000.02.04"]
[Source "www.chesslib.no"]
[SourceDate "2004.05.04"]

1. e4 c5 2. Nf3 d6 3. d4 cxd4 4. Nxd4 Nf6 5. f3 Nc6 6. c4 e6 7. Nc3 Be7 8. Nc2 O-O 9. Ne3 b6 10. Be2 Bb7 11. O-O 1/2-1/2

[Event "Minsk op"]
[Site "Minsk"]
[Date "1996.??.??"]
[Round "2"]
[White "Yagupov, Igor"]
[Black "Vasilevich, Tatjana"]
[Result "1/2-1/2"]
[WhiteElo "2560"]
[BlackElo "2560"]
[PlyCount "60"]
[EventDate "1996.??.??"]
[Source "www.chesslib.no"]
[SourceDate "2004.05.04"]

1. e4 c5 2. Nf3 d6 3. d4 cxd4 4. Nxd4 Nf6 5. f3 e6 6. c4 Be7 7. Nc3 Nc6 8. Be3 a6 9. Nc2 O-O 10. Be2 b6 11. O-O Bb7 12. Rc1 Rc8 13. Nd4 Ne5 14. b3 Qc7 15. Qe1 Rfd8 16. Qg3 Qb8 17. Kh1 Ned7 18. Qh3 Nf8 19. Bd3 g6 20. Bg5 d5 21. Qh4 dxc4 22. Bxc4 Rxd4 23. Bxf6 Bxf6 24. Qxf6 Rd2 25. Rfd1 Rxd1+ 26. Rxd1 b5 27. Bf1 Qc7 28. Rc1 Qa5 29. Qd4 b4 30. Ne2 Qxa2 1/2-1/2

[Event "It (Open) Calvia ESP"]
[Site "?"]
[Date "2005.10.23"]
[Round "4"]
[White "Fernandez Romero Ernesto"]
[Black "Vallejo Pons Francisco"]
[Result "0-1"]
[WhiteElo "2435"]
[BlackElo "2681"]
[PlyCount "92"]
[EventDate "2005.??.??"]
[Source "www.chesslib.no"]
[SourceDate "2004.05.04"]

1. e4 c5 2. Nf3 d6 3. d4 cxd4 4. Nxd4 Nf6 5. f3 Nc6 6. c4 Qb6 7. Nc2 g6 8. Nc3 Bg7 9. Rb1 O-O 10. Be3 Qa5 11. Qd2 Be6 12. b4 Qc7 13. Nb5 Qd7 14. Ncd4 Rfc8 15. Nxc6 Rxc6 16. Nd4 Rc7 17. Nxe6 Qxe6 18. Be2 b5 19. c5 dxc5 20. bxc5 Rd7 21. Qc2 Nd5 22. Bd2 Nc7 23. O-O Bd4+ 24. Kh1 Bxc5 25. Bxb5 Nxb5 26. Rxb5 Bb6 27. Ba5 Bxa5 28. Rxa5 Rad8 29. Qb3 Qf6 30. Rb5 Qf4 31. Qa3 e6 32. Rbb1 h5 33. g3 Qf6 34. Qb2 Qg5 35. f4 Qg4 36. Qg2 Rd3 37. Rb2 Rd1 38. Rbf2 R8d3 39. Kg1 Re3 40. e5 Kg7 41. Rxd1 Qxd1+ 42. Rf1 Qd4 43. Qf2 Qe4 44. Qg2 Qd4 45. h4 Re2+ 46. Rf2 Qd1+ 0-1

[Event "open"]
[Site "Sharjah"]
[Date "2003.09.03"]
[Round "8"]
[White "Svetushkin, Dmitry"]
[Black "Ghaem Maghami, Ehsan"]
[Result "1-0"]
[WhiteElo "2571"]
[BlackElo "2544"]
[PlyCount "77"]
[EventDate "2003.08.27"]
[Source "Roberto Alvarez"]
[SourceDate "2003.09.22"]

1. e4 c5 2. Nf3 d6 3. d4 cxd4 4. Nxd4 Nf6 5. f3 Nc6 6. Nc3 e5 7. Nb3 Be7 8. Be3 Be6 9. Nd5 O-O 10. c4 a5 11. Qd2 a4 12. Nc1 Nd7 13. Ne2 Na5 14. Rc1 g6 15. Nec3 Nc5 16. Be2 Nc6 17. Nb5 Bxd5 18. cxd5 Nb8 19. Nxd6 Bxd6 20. Bxc5 Bxc5 21. Rxc5 Qb6 22. Rc3 Nd7 23. Bc4 Rac8 24. Ke2 f5 25. exf5 e4 26. d6+ Kh8 27. Be6 exf3+ 28. gxf3 Qb5+ 29. Kf2 Qb6+ 30. Kg2 Rcd8 31. Rd1 gxf5 32. Rc7 Nf6 33. Qh6 Rg8+ 34. Bxg8 Rxg8+ 35. Kh1 Qxb2 36. Rg1 Rxg1+ 37. Kxg1 Qd4+ 38. Kg2 Qb2+ 39. Kh3 1-0

[Event "Petrov mem"]
[Site "St Petersburg"]
[Date "1996.??.??"]
[Round "8"]
[White "Rublevsky, Sergei"]
[Black "Sulskis, Sarunas"]
[Result "1/2-1/2"]
[WhiteElo "2610"]
[BlackElo "2505"]
[PlyCount "85"]
[EventDate "1996.02.??"]
[Source "ChessBase"]

1. e4 c5 2. Nf3 d6 3. d4 cxd4 4. Nxd4 Nf6 5. f3 e5 6. Nb3 d5 7. Bg5 Be6 8. Bxf6 gxf6 9. exd5 Bxd5 10. Nc3 Bb4 11. Qd3 Bxc3+ 12. Qxc3 Bxb3 13. Rd1 Nd7 14. axb3 Qb6 15. Bc4 Rd8 16. Ke2 Ke7 17. Rd2 Nb8 18. Bd5 Rhg8 19. g3 Nc6 20. Bxc6 Rxd2+ 21. Qxd2 Qxc6 22. Rd1 Rc8 23. Qb4+ Ke6 24. c3 f5 25. Rd2 f6 26. Rd3 b6 27. Qh4 Rc7 28. g4 f4 29. Qh5 Rg7 30. c4 Ke7 31. Qf5 Ke8 32. h4 Re7 33. Qh5+ Rf7 34. Rd8+ Ke7 35. Rb8 Qc7 36. Ra8 b5 37. g5 f5 38. g6 hxg6 39. Qxg6 Qc5 40. Qg5+ Rf6 41. Qg7+ Rf7 42. Qg5+ Rf6 43. Qg7+ 1/2-1/2

[Event "Ch (Men) Minsk BLR"]
[Site "?"]
[Date "2006.03.09"]
[Round "6"]
[White "Fedorov Alexei"]
[Black "Zhigalko Andrey"]
[Result "1/2-1/2"]
[WhiteElo "2608"]
[BlackElo "2505"]
[PlyCount "90"]
[EventDate "2006.??.??"]
[Source "www.chesslib.no"]
[SourceDate "2004.05.04"]

1. e4 c5 2. Nf3 d6 3. d4 cxd4 4. Nxd4 Nf6 5. f3 e5 6. Nb3 Be6 7. c4 Nbd7 8. Be3 Rc8 9. Na3 a6 10. Be2 Be7 11. O-O h5 12. Rc1 g6 13. Qd2 Kf8 14. Rfd1 Kg7 15. Na5 Rc7 16. b4 b6 17. Nb3 Qa8 18. Rc2 Rhc8 19. Rdc1 h4 20. Bh6+ Kg8 21. Bg5 h3 22. g3 b5 23. Be3 bxc4 24. Nxc4 Qb8 25. a3 d5 26. Nca5 dxe4 27. Rxc7 Rxc7 28. Nc6 Rxc6 29. Rxc6 Bd5 30. Qc2 Kg7 31. Nd2 exf3 32. Bxf3 Qb5 33. Bxd5 Nxd5 34. Qc4 Nxe3 35. Qxb5 axb5 36. Rc7 Bg5 37. Ne4 Bh6 38. Rxd7 Ng4 39. Rb7 Be3+ 40. Kh1 Kf8 41. Rxb5 f5 42. Nc5 Nf2+ 43. Kg1 Ng4+ 44. Kh1 Nf2+ 45. Kg1 Ng4+ 1/2-1/2